[Event "VIE-chT (Women)"]
[Site "Hanoi"]
[Date "2023.04.20"]
[Round "4"]
[White "Nguyen, Hoang Thai Ngoc"]
[Black "Nguyen, Ngoc Thuy Trang"]
[Result "1/2-1/2"]
[WhiteElo "1469"]
[BlackElo "1889"]
[PlyCount "88"]
[EventDate "2023.04.18"]
[EventType "swiss"]
[EventRounds "9"]
[EventCountry "VIE"]
[SourceTitle "EXT 2024"]
[Source "ChessBase"]
[SourceDate "2023.10.10"]
[SourceVersion "1"]
[SourceVersionDate "2023.10.10"]
[SourceQuality "1"]

1. d4 c5 2. d5 e5 3. c4 d6 4. Nc3 Be7 5. Nf3 f5 6. e4 f4 7. h4 Bg4 8. g3 fxg3 9. fxg3 Nf6 10. Be2 Nh5 11. Ng5 Bxe2 12. Nxe2 Bxg5 13. hxg5 g6 14. g4 Ng7 15. 0-0 Nd7 16. Nc3 a6 17. Bd2 Qe7 18. a3 0-0-0 19. b4 Rdf8 20. Na4 Rxf1+ 21. Qxf1 Ne8 22. Rb1 Rf8 23. Qe2 Qf7 24. Kg2 b5 25. cxb5 axb5 26. Nc3 Nc7 27. a4 cxb4 28. Nxb5 Nxb5 29. axb5 Nc5 30. Bxb4 Nxe4 31. Qc2+ Nc5 32. Bxc5 Qxd5+ 33. Kh2 Qxc5 34. Qxc5+ dxc5 35. Rc1 Kd7 36. Rxc5 Kd6 37. Rc6+ Kd5 38. Kg3 Ke4 39. Rf6 Rb8 40. b6 Ke3 41. Rf3+ Kd4 42. Rb3 Rb7 43. Kf3 Rf7+ 44. Ke2 Rb7 1/2-1/2

[Event "Eastern Asia-ch U14 Girls"]
[Site "Tornelo INT"]
[Date "2021.10.24"]
[Round "7"]
[White "Nguyen, Hoang Thai Ngoc"]
[Black "Rout, Yashita"]
[Result "0-1"]
[WhiteElo "1372"]
[BlackElo "1153"]
[PlyCount "86"]
[EventDate "2021.10.22"]
[EventType "swiss"]
[EventRounds "9"]
[EventCountry "NET"]
[SourceTitle "EXT 2023"]
[Source "ChessBase"]
[SourceDate "2022.10.05"]
[SourceVersion "1"]
[SourceVersionDate "2022.10.05"]
[SourceQuality "1"]

1. d4 d5 2. c4 e6 3. Nc3 Nf6 4. cxd5 exd5 5. Bg5 c6 6. Qc2 Be6 7. e3 Be7 8. Bd3 Nbd7 9. Nf3 h6 10. Bh4 Nh5 11. Bxe7 Qxe7 12. 0-0 Nhf6 13. Rab1 0-0 14. b4 Rac8 15. Na4 b5 16. Nc3 Nb6 17. Ne5 Nc4 18. Qc1 Nd7 19. f4 Ndxe5 20. fxe5 f6 21. exf6 Rxf6 22. e4 Rxf1+ 23. Qxf1 Nd2 24. Qe1 Nxb1 25. Nxb1 dxe4 26. Qxe4 Qf6 27. Nd2 Bd5 28. Qh7+ Kf7 29. Qf5 Qxf5 30. Bxf5 Rd8 31. a3 g6 32. Bd3 a5 33. bxa5 Ra8 34. Kf2 Rxa5 35. Nb1 Ba2 36. Nc3 Rxa3 37. Nxa2 Rxa2+ 38. Kf3 Kf6 39. d5 Ra3 40. Ke2 Rxd3 41. Kxd3 cxd5 42. Kd4 b4 43. Kd3 Ke5 0-1

[Event "VIE-ch op (Women)"]
[Site "Hanoi"]
[Date "2020.11.25"]
[Round "4"]
[White "Nguyen, Thien Ngan"]
[Black "Nguyen, Hoang Thai Ngoc"]
[Result "0-1"]
[WhiteElo "2295"]
[BlackElo "2291"]
[PlyCount "108"]
[EventDate "2020.11.23"]
[EventType "swiss"]
[EventRounds "9"]
[EventCountry "VIE"]
[SourceTitle "CBM 199 Extra"]
[Source "ChessBase"]
[SourceDate "2021.01.31"]
[SourceVersion "1"]
[SourceVersionDate "2021.01.31"]
[SourceQuality "1"]

1. e4 c5 2. Nf3 d6 3. d4 cxd4 4. Nxd4 Nf6 5. Nc3 a6 6. Be2 e5 7. Nb3 Be6 8. Bg5 Nbd7 9. 0-0 Rc8 10. Nd5 h6 11. Bxf6 Nxf6 12. Qd3 Nxd5 13. exd5 Bd7 14. Rac1 Be7 15. c4 Bg5 16. Rc2 0-0 17. Rd1 Qf6 18. Bf3 Bf5 19. Be4 Bg4 20. f3 Bd7 21. Kh1 Qd8 22. Bf5 b6 23. Rc3 Bf6 24. Rc2 Bg5 25. Rc3 Bf6 26. Rc2 Bg5 27. a4 a5 28. Ra1 g6 29. Bxd7 Qxd7 30. Nd2 f5 31. Nf1 Rce8 32. Ng3 Kh7 33. Qb3 Qc7 34. Ne2 Qc5 35. Rd1 Be3 36. Nc3 e4 37. fxe4 fxe4 38. Nb5 Rf6 39. Re2 Ref8 40. Ree1 Bd2 41. Rg1 e3 42. Qd3 Rf2 43. Nd4 Qb4 44. Nc2 Qxa4 45. b3 Qe8 46. Rb1 R8f4 47. g3 Rf5 48. Nd4 Rh5 49. Rg2 Qf7 50. Qe4 Re5 51. Rxf2 exf2 52. Qd3 Re1+ 53. Kg2 f1Q+ 54. Qxf1 Qxf1# 0-1

[Event "VIE-chT (Women)"]
[Site "Bac Giang"]
[Date "2020.06.07"]
[Round "3.14"]
[White "Luong, Huyen Ngoc"]
[Black "Nguyen, Hoang Thai Ngoc"]
[Result "1/2-1/2"]
[WhiteElo "1982"]
[BlackElo "1469"]
[PlyCount "99"]
[EventDate "2020.06.06"]
[EventType "swiss"]
[EventRounds "9"]
[EventCountry "VIE"]
[SourceTitle "CBM 197 Extra"]
[Source "ChessBase"]
[SourceDate "2020.09.30"]
[SourceVersion "1"]
[SourceVersionDate "2020.09.30"]
[SourceQuality "1"]

1. e4 c5 2. Nf3 d6 3. d4 cxd4 4. Nxd4 Nf6 5. Nc3 a6 6. a4 e5 7. Nb3 h6 8. Be2 Be7 9. 0-0 0-0 10. Be3 Be6 11. Nd2 Qc7 12. a5 Nbd7 13. f4 exf4 14. Bxf4 Ne5 15. Be3 Rac8 16. Nf3 Nc4 17. Bxc4 Qxc4 18. Ra4 Qc6 19. Nd4 Qd7 20. Ra1 Rfd8 21. Kh1 d5 22. Nxe6 Qxe6 23. Bb6 Rd6 24. exd5 Nxd5 25. Nxd5 Rxd5 26. Qf3 Bc5 27. Bxc5 Rcxc5 28. c3 Rxa5 29. Rxa5 Rxa5 30. Qxb7 Rb5 31. Qa8+ Kh7 32. b4 Rf5 33. Rg1 Qc4 34. h3 Qxc3 35. Qxa6 Qxb4 36. Qc8 Rf2 37. Qd7 Qe4 38. Qa7 Qc2 39. Qe7 f5 40. Qe1 h5 41. Qd1 Qxd1 42. Rxd1 h4 43. Kg1 Ra2 44. Rf1 Kg6 45. Rf4 Kg5 46. Rb4 Re2 47. Kf1 Re4 48. Rb7 Kf6 49. Kf2 Ra4 50. Rb6+ 1/2-1/2

[Event "VIE-chT (Women)"]
[Site "Bac Giang"]
[Date "2020.06.06"]
[Round "2.14"]
[White "Nguyen, Hoang Thai Ngoc"]
[Black "Nguyen, Thi Mai Hung"]
[Result "0-1"]
[WhiteElo "1469"]
[BlackElo "2258"]
[PlyCount "132"]
[EventDate "2020.06.06"]
[EventType "swiss"]
[EventRounds "9"]
[EventCountry "VIE"]
[SourceTitle "CBM 197 Extra"]
[Source "ChessBase"]
[SourceDate "2020.09.30"]
[SourceVersion "1"]
[SourceVersionDate "2020.09.30"]
[SourceQuality "1"]

1. d4 Nf6 2. c4 g6 3. Nc3 d5 4. Bf4 Bg7 5. Rc1 0-0 6. e3 c5 7. Nf3 cxd4 8. exd4 Nc6 9. Ne5 Be6 10. c5 Ne4 11. Nxc6 bxc6 12. Be2 a5 13. Na4 Ra7 14. 0-0 Bc8 15. Nb6 Ba6 16. Bxa6 Rxa6 17. Qa4 e5 18. dxe5 Nxc5 19. Rxc5 Qxb6 20. Rc2 Re8 21. Re1 Re6 22. h3 Qb4 23. Qxb4 axb4 24. b3 f6 25. Bd2 fxe5 26. Bxb4 Kf7 27. Kf1 e4 28. Bc5 Ra8 29. a4 Ree8 30. Bb6 Re6 31. Rec1 Bh6 32. Rd1 Ke8 33. a5 Bf8 34. Rd4 Bg7 35. Ra4 Kd7 36. b4 Be5 37. a6 Bc7 38. Be3 Be5 39. a7 d4 40. Bc1 d3 41. Rc4 Rd6 42. Bd2 Rd4 43. Rc5 Bd6 44. Rca5 Rc4 45. Ke1 Kc8 46. f3 exf3 47. gxf3 Kb7 48. Kf2 Bc7 49. b5 Bb6+ 50. Ke1 cxb5 51. Rxc4 bxc4 52. Ra4 Rc8 53. a8Q+ Rxa8 54. Rxc4 Rf8 55. Rf4 Re8+ 56. Kd1 Re7 57. Bb4 Rd7 58. Kd2 Kc6 59. Rf6+ Kb5 60. Bc3 Bd8 61. Rf8 Bc7 62. h4 Bg3 63. h5 gxh5 64. Rf5+ Kc4 65. Bf6 h4 66. Bxh4 Bxh4 0-1

[Event "Ho Chi Minh City HD Bank op-B 6th"]
[Site "Ho Chi Minh City"]
[Date "2016.03.09"]
[Round "3"]
[White "Nguyen, Hoang Thai Ngoc"]
[Black "Frost, Peter"]
[Result "1/2-1/2"]
[WhiteElo "1277"]
[BlackElo "1874"]
[PlyCount "111"]
[EventDate "2016.03.08"]
[EventType "swiss"]
[EventRounds "9"]
[EventCountry "VIE"]
[SourceTitle "CBM 171 Extra"]
[Source "ChessBase"]
[SourceDate "2016.04.26"]
[SourceVersion "1"]
[SourceVersionDate "2016.04.26"]
[SourceQuality "1"]

1. e4 d6 2. d4 Nf6 3. Nc3 c6 4. h3 Qa5 5. Bd2 Qc7 6. Nf3 e5 7. dxe5 dxe5 8. Bc4 b5 9. Bd3 Be7 10. 0-0 0-0 11. a4 b4 12. Na2 a5 13. c3 Rd8 14. Bc2 c5 15. Qc1 Be6 16. b3 h6 17. Qb2 Nc6 18. Rad1 Rd7 19. Qb1 Rb8 20. Rfe1 Rdd8 21. Nh4 Bf8 22. Be3 Rxd1 23. Rxd1 Rd8 24. Nf5 Bxf5 25. exf5 Nd5 26. cxb4 Nxe3 27. fxe3 cxb4 28. Be4 Rxd1+ 29. Qxd1 Qb6 30. Qe2 Bc5 31. Kf2 Nb8 32. Nc1 Nd7 33. Nd3 Nf6 34. Nxc5 Qxc5 35. Bb7 Nd5 36. Bxd5 Qxd5 37. Qc2 e4 38. g4 Qe5 39. Qc4 h5 40. gxh5 Qxf5+ 41. Ke1 Qxh5 42. Qxe4 Qxh3 43. Kd2 Qh2+ 44. Ke1 Qg1+ 45. Ke2 Qh2+ 46. Ke1 Qc7 47. Qe8+ Kh7 48. Qe4+ g6 49. Qh4+ Kg7 50. Qd4+ f6 51. Qd5 Qg3+ 52. Kd2 Qf2+ 53. Kd3 Qf1+ 54. Kd2 Qf2+ 55. Kd3 Qf1+ 56. Kd2 1/2-1/2

[Event "VIE-ch U07 Girls"]
[Site "Ho Chi Minh City"]
[Date "2014.07.15"]
[Round "4"]
[White "Nguyen, Hoang Thai Ngoc"]
[Black "Thai, Ngoc Tuong Minh"]
[Result "0-1"]
[WhiteElo "1430"]
[BlackElo "1432"]
[PlyCount "88"]
[EventDate "2014.07.13"]
[EventType "swiss"]
[EventRounds "9"]
[EventCountry "VIE"]
[SourceTitle "EXT 2016"]
[Source "ChessBase"]
[SourceDate "2015.10.08"]
[SourceVersion "1"]
[SourceVersionDate "2015.10.08"]
[SourceQuality "1"]

1. e4 c5 2. Nc3 d6 3. g3 Nf6 4. Bg2 e6 5. Nge2 Be7 6. 0-0 0-0 7. d3 Nc6 8. Be3 Bd7 9. Qd2 a6 10. f4 e5 11. f5 Bc8 12. Bh3 d5 13. exd5 Nxd5 14. Nxd5 Qxd5 15. Bg2 Qd6 16. Bg5 f6 17. Be3 Kh8 18. Nc3 b6 19. Na4 Qc7 20. Nc3 Bb7 21. Nd5 Qd8 22. Nxe7 Qxe7 23. c3 Rad8 24. Qe2 Qf7 25. Qg4 Rxd3 26. Rfe1 Rd7 27. Bf3 Na5 28. Bf2 Bxf3 29. Qxf3 Rfd8 30. Rad1 h6 31. Rxd7 Qxd7 32. g4 Qd5 33. Qh3 Qd3 34. Qh5 Nc4 35. Bh4 Nd2 36. Kh1 Nf3 37. Rc1 Nxh4 38. Qxh4 Qf3+ 39. Kg1 Qe3+ 40. Kf1 Qxc1+ 41. Kg2 Rd2+ 42. Kg3 Qg1+ 43. Kf3 Qg2+ 44. Ke3 Qe2# 0-1

[Event "VIE-ch U07 Girls"]
[Site "Ho Chi Minh City"]
[Date "2014.07.13"]
[Round "1"]
[White "Nguyen, Hoang Thai Ngoc"]
[Black "Dang, Minh Anh"]
[Result "1-0"]
[WhiteElo "1430"]
[BlackElo "1443"]
[PlyCount "35"]
[EventDate "2014.07.13"]
[EventType "swiss"]
[EventRounds "9"]
[EventCountry "VIE"]
[SourceTitle "EXT 2016"]
[Source "ChessBase"]
[SourceDate "2015.10.08"]
[SourceVersion "1"]
[SourceVersionDate "2015.10.08"]
[SourceQuality "1"]

1. e4 e5 2. Nf3 Nc6 3. Bc4 h6 4. 0-0 Bc5 5. Nc3 Nf6 6. d3 d6 7. h3 0-0 8. Be3 Bxe3 9. fxe3 Nh5 10. Nxe5 dxe5 11. Qxh5 Nb4 12. Rac1 Qe7 13. a3 Nc6 14. Nd5 Qd7 15. Rf6 Na5 16. Rxh6 gxh6 17. Nf6+ Kh8 18. Qxh6# 1-0